| 000 | 00550nam a2200193Ia 4500 | ||
|---|---|---|---|
| 005 | 20250508152913.0 | ||
| 008 | 008 250505s9999 xx 000 0 eng d | ||
| 037 | _aTextual | ||
| 040 |
_aFEDL _beng _cFEDL |
||
| 041 |
_aeng _2eng |
||
| 084 |
_a512.812, TUT _qFEDL |
||
| 100 |
_aTuttle Lucius _9762696 |
||
| 245 | 0 | _aTheory of measurements | |
| 260 |
_aToronto, Canada _bUniversity of Troronto Press _c1946 |
||
| 300 | _axi,333p. | ||
| 700 |
_a Satterly John _9762697 |
||
| 942 |
_cTEXL _h512.812, TUT |
||
| 999 |
_c1339517 _d1339517 |
||